Quizzes
Events
Quiz Creation
Community
Videos
Private Events
Remove Ads
Sign In
Join for FREE
Feedback
Dark Mode
Quiz Categories
Sports
Geography
Music
Movies
Television
Just For Fun
Miscellaneous
History
Literature
Language
Science
Gaming
Entertainment
Religion
Holiday
For Kids
Quiz Lab
Recent
Popular Today
Quiz Kudos Today
Editor Picks
Curator Picks
Quizzes by...
Day
Popularity
Type
Ratings
Length
Year
Community
Subscriptions
Recent Discussions
Orange Saloon
Badges
Playlists
Quests
Create
Leaderboards
Showdown
Live 5
Trivia Bingo
Activity
Puzzle Library
Sporcle Events
Private Events
Virtual Trivia
Globe League
Become a Host
Pub Owners
SporcleCon
Opinionation
Our Games
Videos
Blog
Mobile Apps
Partnerships
Remove Ads and Go Orange
Feedback
Sports
Athletes
MLB
NBA
NHL
NFL
Soccer
Sports Teams
WWE
NCAA
Football
Premier League
Basketball
Baseball
Hockey
Golf
Tennis
Cricket
Rugby
Auto Racing
Olympics
World Cup
Sports
Athletes
MLB
NBA
NHL
NFL
Soccer
Sports Teams
WWE
NCAA
Football
Premier League
Basketball
Baseball
Hockey
Golf
Tennis
Cricket
Rugby
Auto Racing
Olympics
World Cup
Random Quiz
Search Sporcle
×
Quiz Lab
Quiz Lab
Sports
Basketball
Type in answers that appear in a list
Type in answers that appear in a list
Classic
Best Score? Go Orange.
UConn NBA Players Stats
Can you name the NBA Players who went to UConn?
By
jfc06001
6m
26 Questions
328 Plays
328 Plays
328 Plays
Comments
Comments
Give Quiz Kudos
Give Quiz Kudos
-
- Ratings
hide this ad
Replay
Link that replays current quiz
Next Quiz
Link to next quiz in quiz playlist
You Got
0%
They Got
Avg Score
38%
Avg Friend Score
Upgrade to see
Score Distribution
Jump to the score distribution portion of the page
Score
0/26
Timer
06:00
0
Plays Today
Team Drafted By
Player's Name
% Correct
Charlotte Bobcats
Emeka Okafor
82.3%
Chicago Bulls
Ben Gordon
78.3%
Washington Wizards
Richard Hamilton
76.1%
Minnesota Timberwolves
Ray Allen
73.1%
Memphis Grizzlies
Rudy Gay
67.6%
Memphis Grizzlies
Hasheem Thabeet
66.7%
New Jersey Nets
Marcus Williams
59.9%
New Jersey Nets
Josh Boone
59.6%
Toronto Raptors
Charlie Villanueva
49.8%
Miami Heat
Caron Butler
43.7%
New Orleans Hornets
Hilton Armstrong
43.4%
Indiana Pacers
A.J. Price
42.8%
Chicago Bulls
Khalid El-Amin
41.9%
Team Drafted By
Player's Name
% Correct
Minnesota Timberwolves
Donyell Marshall
34.6%
Cleveland Cavaliers
Donny Marshall
33.9%
Portland Trailblazers
Clifford Robinson
27.2%
Minnesota Timberwolves
Chris Smith
27.2%
Chicago Bulls
Jake Voskuhl
24.5%
Undrafted
Kevin Ollie
18%
Chicago Bulls
Travis Knight
16.8%
New Jersey Nets
Tate George
15.6%
Charlotte Hornets
Scott Burrell
14.1%
Dallas Mavericks
Corny Thompson
6.1%
Boston Celtics
Toby Kimball
2.4%
Chicago Bulls
Chuck Aleksinas
1.5%
New Jersey Nets
Bruce Kuczenski
0.6%
Quiz Playlist
Details
Report
Send in Message
Add To Playlist
Classic:
Type in answers that appear in a list
Last Updated: Apr 12, 2017
Quiz Scoreboard
CHALLENGE
Sign Up to Join the Scoreboard
Show All
Scores
Hide
Comments
May contain spoilers
Recently Published
Alphabetical 'K' Countries by Flag Minefield
by ylime102
Geography
3m
Pick 6: Fruits
by JohnFran
Miscellaneous
15s
Click the 1999 NBA Draft
by nibperrychub
Sports
2m
More to Explore
Quiz From the Vault
Featured Blog Post
15 Basketball Trivia Facts You Can Be March Mad About
hide this ad
You Might Also Like...
Tags
Basketball Quiz
NBA Quiz
Draft
NBA Player
Player
rookie
team
UConn
Went
Today's Top Quizzes in Sports
Browse Sports
hide this ad
Today's Top Quizzes in Basketball
Browse Basketball
Top Contributed Quizzes in Sports
1
Don't Strike Out: 3000 Strikeouts
2
MLB 2 truths and a lie: Hall of Fame pitchers
3
Pick 6: NFL Teams
4
Criteria MLB: Left Handed Sluggers
5
MLB Players with Two .350 Batting Average Seasons
6
2022 World Cup Stars
7
Les joueurs à 100 buts en Ligue 1 Uber Eats
8
Millionaire: NBA Finals Edition
9
Pick 6: Minor League Baseball
10
Last 10 Members of the 500 HR Club in Order
Explore More
Trending Topics
Anime
Crossword
Marvel
Harry Potter
Kpop
NBA
Disney
WWE
Soccer
The Office
Pokémon
Puzzle
Country
Song
NFL
hide this ad
More By:
jfc06001
Quiz
Plays
Rating
Category
Featured
Created
UConn NBA Players
328
3.00
Sports
Sep 25, 2009
Go to Creator's Profile
Score Distribution
Quiz Creator Spotlight
jfc06001
Follow
Send a Message
Quizzes Created
-
Created Quiz Play Count
-
More By This Creator
Popular Quizzes Today
1
Find the US States - No Outlines Minefield
2
Countries of Asia Without Outlines Minefield
3
Pick 6: Fruits
4
The Countries of the World
5
Alphabetical 'K' Countries by Flag Minefield
6
Find the US States
7
Click the 1999 NBA Draft
8
Match the Book to the Film X
More Sports Quizzes
Win The Champions League: 2016–17
Quiz Lab
Trending Quizzes
Pick 6: Harry Potter
Pick 6: Mountains
Pick 6: NFL Teams
Pick 6: Movie Franchises
Pick 6: Golfers
Recently Updated
Women's Final Four Teams by Year
bhenderson79
Presidents Quartet II
eogle
Anything But Clue(do)
eogle
Anything But Oceanian Capitals
eogle
Anything But 7
eogle
Anything But Thing
eogle
Word Ladder: February 29
pecheneg
Song Title Questions
pecheneg
Women's NCAA Tournament #1 Seeds
pecheneg
Celebrity Mug Shots
pecheneg
Trending Topics
Kpop
Crossword
Marvel
NBA
Harry Potter
Disney
Anime
Puzzle
Country
WWE
Song
NFL
Pokémon
The Office
Soccer
Your Account Isn't Verified!
In order to create a playlist on Sporcle, you need to verify the email address you used during registration. Go to your
Sporcle Settings
to finish the process.
Report this User
Report this user for behavior that violates our
Community Guidelines
.
Details:
Send Report
Go to the Sporcle.com Mobile Site →
Comments